Rugby - 1996 All Blacks vs Wallabies - Statistics

General Stats
  • This quiz has been taken 74 times
  • The average score is 13 of 15
Answer Stats
Position Player % Correct
8 ZInzan Brooke
94%
11 Jonah Lomu
93%
15 Christian Cullen
90%
14 Jeff Wilson
90%
9 Justin Marshall
90%
5 Robin Brooke
90%
4 Ian Jones
89%
6 Michael Jones
89%
1 Craig Dowd
87%
13 Frank Bunce
87%
2 Sean Fitzpatrick
87%
12 Walter Little
87%
10 Andrew Mehrtens
86%
3 Olo Brown
86%
7 Josh Kronfeld
83%
No matching quizzes found
Score Distribution
Percent of People with Each Score
Percentile by Number Answered
Your Score History
You have not taken this quiz